Molecular gas dynamics and the direct simulation of gas flows (Record no. 27654)

000 -LEADER
fixed length control field 00641nam a2200217 a 4500
001 - CONTROL NUMBER
control field 27654
003 - CONTROL NUMBER IDENTIFIER
control field BD-DhUET
008 - FIXED-LENGTH DATA ELEMENTS--GENERAL INFORMATION
fixed length control field 940121s1994 enka b 001 0 eng
020 ## - INTERNATIONAL STANDARD BOOK NUMBER
International Standard Book Number 0198561954
040 ## - CATALOGING SOURCE
Original cataloging agency DLC
Transcribing agency DLC
Modifying agency BD-DhUET
082 ## - DEWEY DECIMAL CLASSIFICATION NUMBER
Classification number 533.2
Item number BIR/1994
100 1# - MAIN ENTRY--PERSONAL NAME
Personal name Bird, G. A.
245 10 - TITLE STATEMENT
Title Molecular gas dynamics and the direct simulation of gas flows
250 ## - EDITION STATEMENT
Edition statement 1st ed.
260 ## - PUBLICATION, DISTRIBUTION, ETC. (IMPRINT)
Place of publication, distribution, etc. Oxford
Name of publisher, distributor, etc. Clarendon Press
-- Oxford University Press
Date of publication, distribution, etc. 1994
300 ## - PHYSICAL DESCRIPTION
Extent xvii, 458p.
Other physical details ill. (some col.)
Dimensions 24 cm. +
490 ## - SERIES STATEMENT
Series statement Oxford engineering science series
504 ## - BIBLIOGRAPHY, ETC. NOTE
Bibliography, etc Includes bibliographies
650 #0 - SUBJECT ADDED ENTRY--TOPICAL TERM
Topical term or geographic name as entry element Gas dynamics
942 ## - ADDED ENTRY ELEMENTS (KOHA)
Koha item type General Book
Holdings
Copy number Location (home branch) Piece designation (barcode) Sublocation or collection (holding branch) Damaged status Price effective from Withdrawn status Koha normalized classification for sorting Source of classification or shelving scheme Date acquired Lost status Koha full call number Koha date last seen Shelving location Not for loan Koha item type
1Central Library, BUET110533Central Library, BUET 2015-06-07 533_200000000000000_BIR_1994 2015-06-07 533.2/BIR/19942015-06-07Reading section General Book